LEADER 01103nam0-22003611i-450- 001 990005573880403321 005 20100429095323.0 010 $a2-01-006518-2 035 $a000557388 035 $aFED01000557388 035 $a(Aleph)000557388FED01 035 $a000557388 100 $a19990604d1982----km-y0itay50------ba 101 0 $afre 102 $aFR 105 $ay-------001yy 200 1 $a<>impossible mariage$eviolence et parentè en Gèvaudan 17., 18. et 19. siècle$fElisabeth Claverie$gPierre Lamaison 210 $aParis$cHachette$dc1982 215 $a361 p., 8 tav.$cill.$d26 cm 225 1 $a<>mèmoire du temps$fdirigèe par Jean Guilaine 610 0 $aMatrimonio$aFrancia$aSec. 17.-19. 676 $a306.87$v21$zita 700 1$aClaverie,$bElisabeth$0214994 702 1$aLamaison,$bPierre 801 0$aIT$bUNINA$gRICA$2UNIMARC 901 $aBK 912 $a990005573880403321 952 $aSDI-KT 28$b2721$fSDI 952 $a306.87 CLA 1$bST.MED.MOD. 10110$fFLFBC 959 $aFLFBC 959 $aSDI 996 $aImpossible mariage$9606999 997 $aUNINA LEADER 01477nam2-2200481---450- 001 990002974630203316 005 20070918161108.0 010 $a978-1-4073-0069-6 035 $a000297463 035 $aUSA01000297463 035 $a(ALEPH)000297463USA01 035 $a000297463 100 $a20070918d2007----km-y0itay50------ba 101 0 $aeng 102 $aGB 105 $aa|||z|||001yy 200 1 $aGurudakshina$efacets of Indian archaeology$eessays presented to Prof. V. N. Misra$fedited by Alok Kumar Kanungo 210 $aOxford$cJohn and Erica Hedges$d2007 215 $av.$cill.$d30 cm. 225 2 $aBAR international series$v1665$1001000018484$12001 225 2 $aSouth Asian archaeology series$v8 327 $a : XII, 104 p. 410 0$12001$aBAR international series$v1665 410 0$12001$aSouth Asian archaeology series$v8 410 0$12001 410 0$12001 410 0$12001 454 1$12001 461 1$1001-------$12001 607 $aIndia$xAntichità 676 $a934 702 1$aKANUNGO,$bAlok Kumar 702 1$aMISRA,$bVirendra N. 801 0$aIT$bsalbc$gISBD 912 $a990002974630203316 951 $aXI.5. Coll. 12/ 95/2$b201648 L.M.$cXI.5. Coll.$d00160726 959 $aBK 969 $aUMA 979 $aRIVELLI$b90$c20070918$lUSA01$h1559 979 $aRIVELLI$b90$c20070918$lUSA01$h1611 979 $aCHIARA$b90$c20160208$lUSA01$h1405 996 $aGurudakshina$91001817 997 $aUNISA LEADER 02117nam 2200457 450 001 9910153135103321 005 202101560622.0 010 $a1-905319-72-X 035 $a(CKB)3710000000960182 035 $a(MiAaPQ)EBC4789984 035 $a(BSAVA)SAVA 05319725 035 $a(BIP)021206034 035 $a(EXLCZ)993710000000960182 100 $a20191130h20082008 uy 0 101 0 $aeng 135 $aur|n| ||||| 181 $ctxt$2rdacontent 182 $cc$2rdamedia 183 $2rdacarrier 200 10$aBSAVA Manual of Canine and Feline Advanced Veterinary Nursing$b[electronic resource] /$fAlasdair Hotston Moore and Suzanne Rudd 205 $a2nd Edition 210 1$aQuedgeley, Gloucester, England :$cBritish Small Animal Veterinary Association,$d2008. 215 $a1 online resource (352 pages) 311 $a0-905214-92-7 320 $aIncludes bibliographic references. 330 3 $aWritten for qualified veterinary nurses, particularly those undertaking a diploma or degree in veterinary nursing, this manual provides practical information for those nursing at an advanced level. The contents includes Advanced nursing practice; Advanced medical nursing; Clinical nutrition; Physiotherapy and rehabilitation; Management of the critical care unit; Advanced fluid therapy; Advanced anaesthesia and analgesia; Advanced surgical nursing; Dentistry; Endoscopy; Advanced imaging; Clinical pathology in practice; Practice administration; Nursing clinics; and Behaviour. 517 $aBSAVA manual of canine and feline advanced veterinary nursing 517 $aBSAVA British Small Animal Veterinary Association 610 $aAnimals 610 $aVeterinary Medicine 610 $aVeterinary Nursing 610 $aMedical 676 $a636.7089073 700 $aMoore$b Alasdair Hotston$0964164 701 $aRudd$b Suzanne$01252986 712 02$aBritish Small Animal Veterinary Association, 801 0$bCaUkQuBSA 906 $aBOOK 912 $a9910153135103321 996 $aBSAVA Manual of Canine and Feline Advanced Veterinary Nursing$92904947 997 $aUNINA